Central Library OPAC University of Rajshahi

Our Earth and the Universe / (Record no. 73843)

MARC details
000 -LEADER
fixed length control field 00570nam a2200217 a 4500
001 - CONTROL NUMBER
control field 73843
003 - CONTROL NUMBER IDENTIFIER
rucl marc code BD-RJUL
005 - DATE AND TIME OF LATEST TRANSACTION
control field 20211209082443.0
008 - FIXED-LENGTH DATA ELEMENTS--GENERAL INFORMATION
fixed length control field 170613s1962 enka 001 0 eng d
035 ## - SYSTEM CONTROL NUMBER
System control number (BD-RJUL)74061
040 ## - CATALOGING SOURCE
Original cataloging agency EQO
Transcribing agency EQO
Language of cataloging eng
Modifying agency BD-RJUL
041 ## - LANGUAGE CODE
Language code of text/sound track or separate title eng
082 ## - DEWEY DECIMAL CLASSIFICATION NUMBER
Edition number 23
Classification number 550
Author mark and year CHO 1962
100 1# - MAIN ENTRY--PERSONAL NAME
Personal name Chand, Bool
9 (RLIN) 218657
245 10 - TITLE STATEMENT
Title Our Earth and the Universe /
Statement of responsibility, etc. Bool Chand
260 ## - PUBLICATION, DISTRIBUTION, ETC. (IMPRINT)
Place of publication, distribution, etc. London :
Date of publication, distribution, etc. Asia Pub.,
Name of publisher, distributor, etc. 1962.
300 ## - PHYSICAL DESCRIPTION
Pagination 94 p. :
Illustrations ill. ;
Size 22 cm.
500 ## - GENERAL NOTE
General note Includes Index.
650 ## - SUBJECT ADDED ENTRY--TOPICAL TERM
Topical term or geographic name as entry element Earth science
9 (RLIN) 218658
942 ## - ADDED ENTRY ELEMENTS (KOHA)
Source of classification or shelving scheme Dewey Decimal Classification
Koha item type Books
Holdings
Lost status Source of classification or shelving scheme Damaged status Not for loan Collection code Permanent Location Current Location Shelving location Date acquired Source of acquisition Cost, normal purchase price Total Checkouts Full call number Date last seen Copy number Koha item type
  Dewey Decimal Classification   Not For Loan Non-fiction Central Library, University of Rajshahi Central Library, University of Rajshahi Reading Room 21/05/1965 Sweets and Zeitlinger 15.00   550 CHO 1962 13/06/2017 C-1 Books